Tallest Buildings Ever - Statistics

General Stats
  • This quiz has been taken 34 times
  • The average score is 11 of 20
Answer Stats
Years Tallest Structure Height City % Correct
1972 - 1974 World Trade Center: South Tower 417 metres (1,368 ft) New York City
97%
1930 - 1931 Chrysler Building 318.8 metres (1,046 ft) New York City
94%
1931 - 1972 Empire State Building 381 metres (1,250 ft) New York City
94%
1930 Bank of Manhattan Trust Building 283 metres (928 ft) New York City
90%
2010 - Present Burj Khalifa 828 metres (2,717 ft) Dubai
87%
1974 - 1998 Sears Tower 442 metres (1,450 ft) Chicago
84%
1909 - 1913 Metropolitan Life Tower 213.36 metres (700 ft) New York City
84%
1913 - 1930 Woolworth Building 241.4 metres (792 ft) New York City
84%
13th Century - 1300 Old St Paul's Cathedral 149 metres (489 ft) London
77%
1908 - 1909 Singer Building 186.57 metres (612.1 ft) New York City
77%
2004 - 2010 ______ 101 509.2 metres (1,671 ft) Taipei
77%
1998 - 2004 Petronas Towers 451.9 metres (1,483 ft) Kuala Lumpur
74%
1901 - 1908 ____________ City Hall 167 metres (548 ft) Philadelphia
32%
1880 - 1890 _______ Cathedral 157.38 metres (516.3 ft) Cologne
26%
1300 - 1549 _______ Cathedral 159.7 metres (524 ft) Lincoln
16%
1874 - 1876 Church of St. Nicholas 147 metres (482 ft) Hamburg
6%
1647 - 1874 __________ Cathedral 142 metres (466 ft) Strasbourg
6%
1890 - 1901 ___ Minster 161.53 metres (530 ft) Ulm
6%
1876 - 1880 _____ Cathedral 151 metres (495 ft) Rouen
0%
1549 - 1647 St. Mary's Church 151 metres (495 ft) Stralsund
0%
No matching quizzes found
Score Distribution
Percent of People with Each Score
Percentile by Number Answered
Your Score History
You have not taken this quiz